| 000 | 00490nab a2200145Ia 4500 | ||
|---|---|---|---|
| 003 | ES-SlBCS | ||
| 005 | 20210601123900.0 | ||
| 008 | 140529s1975 xxu||||| |||| 00| 0 eng d | ||
| 041 | _aeng | ||
| 100 | 1 |
_aMulvaney, Robert J. _9131393 |
|
| 245 | 0 | 0 |
_aRationality and Metaphysics in Fuller's Jurisprudence _c Robert J. Mulvaney |
| 600 | 1 | 4 |
_aFuller, Loïe _d, 1862-1928 _9131394 |
| 773 | 0 |
_tAmerican Catholic Philosophical Quarterly _gvol. 49, nº. 5, 1975, págs. 96-105 _wRev1385 |
|
| 942 | _cAR | ||
| 999 |
_c505651 _d505651 |
||